[Event "Marseille op 2nd "]
[Site "Marseille"]
[Date "2009.12.27"]
[Round "3"]
[White "Rochette, Michel"]
[Black "Derige Kane, Yan"]
[Result "0-1"]
[WhiteElo "1499"]
[BlackElo "1330"]
[PlyCount "68"]
[EventDate "2009.12.26"]
[EventType "swiss"]
[EventRounds "9"]
[EventCountry "FRA"]
[SourceTitle "CBM 134 Extra"]
[Source "ChessBase"]
[SourceDate "2010.03.03"]
[SourceVersion "1"]
[SourceVersionDate "2010.03.03"]
[SourceQuality "1"]

1. e4 e5 2. Nf3 Nc6 3. d3 Bc5 4. Be2 Nf6 5. 0-0 0-0 6. Nbd2 d6 7. h3 d5 8. Ng5 dxe4 9. Ngxe4 Nxe4 10. Nxe4 Bd6 11. c3 f5 12. Ng3 Qf6 13. Nh5 Qg6 14. Ng3 f4 15. Bh5 Qg5 16. Ne4 Qe7 17. b4 g6 18. Bg4 Bxg4 19. Qxg4 Qf7 20. Bd2 Qf5 21. Qe2 f3 22. Qe3 fxg2 23. Kxg2 Qf4 24. Qe2 Qf5 25. Ng3 Qe6 26. Bh6 Rf7 27. Ne4 Bf8 28. Ng5 Qd5+ 29. Kh2 Rf5 30. Nxh7 Bxh6 31. Rg1 Kxh7 32. f3 Rxf3 33. Qg2 Bf4+ 34. Kh1 Rxh3# 0-1